书目信息 |
| 题名: |
RNA分离与鉴定实验指南——RNA研究方法
|
|
| 作者: | 法雷尔 著 ;金由辛译 , 刘建华 , 金言 译 | |
| 分册: | ||
| 出版信息: | 北京 化学工业出版社 2008 |
|
| 页数: | 414页 | |
| 开本: | 24cm | |
| 丛书名: | 生物实验室系列 | |
| 单 册: | ||
| 中图分类: | Q522 | |
| 科图分类: | ||
| 主题词: | 核糖核酸--研究方法 | |
| 电子资源: | ||
| ISBN: | 978-7-5025-9625-5 | |
| 000 | 01174oam2 2200313 45 | |
| 001 | 1033010687 | |
| 005 | 20100407171250.28 | |
| 010 | @a978-7-5025-9625-5@dCNY63.00 | |
| 100 | @a20100331d2008 ekmy0chiy0120 ea | |
| 101 | 1 | @achi@ceng |
| 102 | @aCN@b110000 | |
| 105 | @ay z 001yy | |
| 106 | @ar | |
| 200 | 1 | @aRNA分离与鉴定实验指南——RNA研究方法@ARNA Fen Li Yu Jian Ding Shi Yan Zhi Nan—— RNA Yan Jiu Fang Fa@f(美) 法雷尔著@F( Mei ) Fa Lei Er Zhu@g金由辛,刘建华,金言等译 |
| 210 | @a北京@c化学工业出版社@d2008 | |
| 215 | @a414页@d24cm | |
| 225 | 2 | @a生物实验室系列 |
| 305 | @a据原书第3版译出 | |
| 320 | @a有索引(409页-414页) | |
| 330 | @aRNA的分离与鉴定构成了分子生物学的核心领域之一。本指南收录并详细介绍学多经过实验验证并优化的实验方案,用于RNA的分离与鉴定,注重阐述这些研究方法如何应用到基因表达的转录及转录后调控等研究工作之中。 | |
| 461 | 0 | @12001 @a生物实验室系列 |
| 606 | 0 | @a核糖核酸@x研究方法 |
| 690 | @aQ522@v4 | |
| 701 | 1 | @a法雷尔@AFa Lei Er@4著 |
| 702 | 0 | @a金由辛译@AJin You Xin Yi@4译 |
| 702 | 0 | @a刘建华@ALiu Jian Hua@4译 |
| 702 | 0 | @a金言@AJin Yan@4译 |
| 801 | 0 | @aCN@bTANGWEI@c20100407 |
| 905 | @b0587465-69@dQ522@e166@f5 | |
| RNA分离与鉴定实验指南——RNA研究方法/(美) 法雷尔著/金由辛,刘建华,金言等译.-北京:化学工业出版社,2008 |
| 414页;24cm.-(生物实验室系列) |
| ISBN 978-7-5025-9625-5:CNY63.00 |
| RNA的分离与鉴定构成了分子生物学的核心领域之一。本指南收录并详细介绍学多经过实验验证并优化的实验方案,用于RNA的分离与鉴定,注重阐述这些研究方法如何应用到基因表达的转录及转录后调控等研究工作之中。 |
| ● |
| 相关链接 |
|
|
|
|
正题名:RNA分离与鉴定实验指南——RNA研究方法
索取号:Q522/166
 
预约/预借
| 序号 | 登录号 | 条形码 | 馆藏地/架位号 | 状态 | 备注 |
| 1 | 0587465 | 205874650 | 第二样本阅览室/ [索取号:Q522/166] | 在馆 | |
| 2 | 0587466 | 205874669 | 第三借阅区/ [索取号:Q522/166] | 在馆 | |
| 3 | 0587467 | 205874678 | 第三借阅区/ [索取号:Q522/166] | 在馆 | |
| 4 | 0587468 | 205874687 | 第三借阅区/ [索取号:Q522/166] | 在馆 | |
| 5 | 0587469 | 205874696 | 第三借阅区/ [索取号:Q522/166] | 在馆 |